Famous motor-coaches and coachways of the world / (Record no. 612)
[ view plain ]
| 000 -LEADER | |
|---|---|
| fixed length control field | 00595nam a2200217 a 4500 |
| 001 - CONTROL NUMBER | |
| JCCL Control Number | 612 |
| 003 - CONTROL NUMBER IDENTIFIER | |
| JCCL marc code | BD-JhCC |
| 005 - DATE AND TIME OF LATEST TRANSACTION | |
| control field | 20171007211555.0 |
| 008 - FIXED-LENGTH DATA ELEMENTS--GENERAL INFORMATION | |
| fixed length control field | 171007s1957 a|||| |||| 00| 0 eng d |
| 035 ## - SYSTEM CONTROL NUMBER | |
| system control number | (BD-JhCC)612 |
| 040 ## - CATALOGING SOURCE | |
| Original cataloging agency | BD-JhCC |
| Modifying agency | BD-JhCC |
| 041 ## - LANGUAGE CODE | |
| Language code of Book | eng |
| 082 ## - DEWEY DECIMAL CLASSIFICATION NUMBER | |
| DDC Edition number | 22 |
| Classification number | 388.322 |
| Author mark and Year | CAR 1957 |
| 100 ## - MAIN ENTRY--PERSONAL NAME | |
| Personal name | Carter , F. Ernest . |
| 245 ## - TITLE STATEMENT | |
| Title | Famous motor-coaches and coachways of the world / |
| Statement of responsibility, etc | F. Ernest Carter : K. E. Carter. |
| 260 ## - PUBLICATION, DISTRIBUTION, ETC. (IMPRINT) | |
| Place of publication, distribution, etc | London , |
| Name of publisher, distributor, etc | Frederick muller ltd. |
| Date of publication, distribution, etc | 1957. |
| 300 ## - PHYSICAL DESCRIPTION | |
| Pagination | 144p. : |
| Other physical details | ill. ; |
| Dimensions | 22cm. |
| 650 ## - SUBJECT ADDED ENTRY--TOPICAL TERM | |
| Topical term or geographic name as entry element | Bus lines |
| 942 ## - ADDED ENTRY ELEMENTS (KOHA) | |
| Source of classification or shelving scheme | Dewey Decimal Classification |
| Koha item type | Books |
| Source of classification or shelving scheme | Damaged status | Not for loan | Home library | Current library | Shelving location | Total Checkouts | Full call number | Barcode | Date last seen | Copy number | Koha item type |
|---|---|---|---|---|---|---|---|---|---|---|---|
| Dewey Decimal Classification | JCC Rouf Library | JCC Rouf Library | General Stacks | 388.322 CAR 1957 | 1044 | 10/07/2017 | C-1 | Books |